| 000 | 01508cfd a22002175a 4500 | ||
|---|---|---|---|
| 001 | L138134 | ||
| 008 | 070518s2007 xxk f w 000 0 eng d | ||
| 035 | _a(Sirsi) u138134 | ||
| 041 | 0 | _aeng | |
| 245 | 0 | 0 |
_aHomepace Limited V Sita South East Limited _h[electronic resource] |
| 260 | _c2007 | ||
| 520 | _a[2007] EWHC 629 (Ch), 30 March 2007. Considers whether a mineral exhaustion certificate provided by a surveyor is valid if that surveyor has departed from his terms of reference in error. The claimant submitted that it was clear from correspondence between the surveyor and defendant that the surveyor had misunderstood the task given and had performed his valuation upon only the crushed rock and not upon all materials as instructed. The defendant argued that the certificate had been granted and was final. "Held": It was found that since the surveyor had departed from his instructions and given his valuation based on different materials to those intended, the certificate was null and not binding. The claim was upheld. | ||
| 590 | _aKA | ||
| 650 | 2 | 4 | _aHOMEPACE LTD V SITA SOUTH EAST LTD |
| 650 | 2 | 4 | _aUNIVERSITIES SUPERANNUATION SCHEME LTD V MARKS & SPENCER PLC |
| 650 | 2 | 4 | _aJONES V SHERWOOD COMPUTER SERVICES PLC |
| 651 | 4 |
_aEngland and Wales _y1543- |
|
| 690 | _aENVIRONMENTAL AND LAND CONSULTANCY-MINERAL RESOURCE MANAGEMENT-MINERALS SURVEYING | ||
| 856 | 4 | 0 |
_uhttps://www.bailii.org/ew/cases/EWHC/Ch/2007/629.html _zView the article free of charge at www.bailii.org... |
| 942 | _n0 | ||
| 999 |
_c78798 _d78798 |
||